Name these Marchers - Statistics

General Stats
  • This quiz has been taken 53 times
  • The average score is 13 of 31
Answer Stats
Picture Hint Answer % Correct
March 27th
Singer
Mariah Carey
82%
March 10th
Terrorist
Osama bin Laden
82%
March 19th
Actor
Bruce Willis
76%
March 2nd
Soviet Leader
Mikhail Gorbachev
72%
March 6th
Basketball Player
Shaquille O'Neal
72%
March 25th
Singer
Aretha Franklin
68%
March 26th
Actress
Keira Knightley
64%
March 14th
Actor
Michael Caine
52%
March 31st
Actor
Ewan McGregor
50%
March 20th
Filmmaker
Spike Lee
48%
March 1st
Singer
Kesha
46%
March 21st
Actor
Gary Oldman
44%
March 28th
Actor
Vince Vaughn
44%
March 12th
Actress
Singer
Liza Minnelli
42%
March 29th
British Prime Minister
John Major
36%
March 22nd
Comedian
Actor
Keegan-Michael Key
36%
March 23rd
Long-Distance Runner
Mo Farah
36%
March 24th
Football Player
Peyton Manning
36%
March 30th
Guitarist
Singer
Eric Clapton
34%
March 15th
US President
Andrew Jackson
32%
March 9th
Chess Grandmaster
Bobby Fischer
32%
March 4th
Composer
Violinist
Antonio Vivaldi
30%
March 17th
Musician
Hozier
30%
March 3rd
Physicist
Brian Cox
26%
March 8th
Journalist
TV Anchor
Lester Holt
24%
March 7th
Actress
Rachel Weisz
20%
March 11th
British Prime Minister
Harold Wilson
18%
March 18th
British Prime Minister
Neville Chamberlain
18%
March 13th
Author
Cult Leader
L Ron Hubbard
16%
March 5th
Revolutionary Socialist
Rosa Luxemburg
16%
March 16th
Comedienne
Actress
Aisling Bea
14%
No matching quizzes found
Score Distribution
Percent of People with Each Score
Percentile by Number Answered
Your Score History
You have not taken this quiz